Normal view
MARC view
Entry Topical Term
001 - CONTROL NUMBER
- control field: 2009
003 - CONTROL NUMBER IDENTIFIER
- control field: Ke-BoTe
005 - DATE AND TIME OF LATEST TRANSACTION
- control field: 20220118160022.0
008 - FIXED-LENGTH DATA ELEMENTS
- fixed length control field: 220118|| aca||aabn | a|a d
040 ## - CATALOGING SOURCE
- Original cataloging agency: Ke-BoTe
- Transcribing agency: Ke-BoTe
150 ## - HEADING--TOPICAL TERM
- Topical term or geographic name entry element: Justification (Christian theology)
- General subdivision: History of doctrines
- Chronological subdivision: 18th century
670 ## - SOURCE DATA FOUND
- Source citation: Work cat.: (Ke-BoTe)1097: Cannon, William Ragsdale, 1916- 2008, The theology of John Wesley :, [1984], c1974.
